书目信息 |
| 题名: |
学校人力资源管理
|
|
| 作者: | 郭继东 著 | |
| 分册: | ||
| 出版信息: | 天津 天津教育出版社 2006 |
|
| 页数: | 258页 | |
| 开本: | 24cm | |
| 丛书名: | 教育经济与管理丛书 | |
| 单 册: | ||
| 中图分类: | G472.3 | |
| 科图分类: | ||
| 主题词: | 学校管理 , 人事管理 , 学校管理--人事管理--研究 | |
| 电子资源: | ||
| ISBN: | 7-5309-4543-2 | |
| 000 | 01018nam0 2200289 450 | |
| 000 | 01025nam0 2200289 450 | |
| 000 | 00956nam0 2200265 450 | |
| 000 | 00920nam0 2200253 45 | |
| 005 | 20070727155049.22 | |
| 010 | @a7-5309-4543-2@dCNY42.00 | |
| 100 | @a20070620d2006 em y0chiy0120 ea | |
| 101 | 0 | @achi |
| 102 | @aCN@b120000 | |
| 105 | @ay z 000yy | |
| 200 | 1 | @a学校人力资源管理@AXue Xiao Ren Li Zi Yuan Guan Li@f郭继东著@FGuo Ji Dong Zhu |
| 210 | @a天津@c天津教育出版社@d2006 | |
| 215 | @a258页@d24cm | |
| 225 | 2 | @a教育经济与管理丛书 |
| 330 | @a这套“教育经济与管理”丛书分为五个系列,有宏观研究也有微观剖析;既有理论研讨的学术进取,又有拓宽视野的比较考察和案例分析,涵盖教育行政、公共经济、经费投入、管理经营、法律政策、人力资源发开发等领域。 | |
| 410 | 0 | @12001 @a教育经济与管理丛书 |
| 606 | 0 | @a学校管理 |
| 606 | 0 | @a人事管理 |
| 606 | 0 | @a学校管理@x人事管理@x研究 |
| 690 | @aG472.3@v4 | |
| 701 | 0 | @a郭继东@AGuo Ji Dong@4著 |
| 801 | 0 | @aCN@bTAOJIN@c20070727 |
| 905 | @a10447@dG472.3@e70 | |
| 学校人力资源管理/郭继东著.-天津:天津教育出版社,2006 |
| 258页;24cm.-(教育经济与管理丛书) |
| ISBN 7-5309-4543-2:CNY42.00 |
| 这套“教育经济与管理”丛书分为五个系列,有宏观研究也有微观剖析;既有理论研讨的学术进取,又有拓宽视野的比较考察和案例分析,涵盖教育行政、公共经济、经费投入、管理经营、法律政策、人力资源发开发等领域。 |
| ● |
| 相关链接 |
|
|
|
|
正题名:学校人力资源管理
索取号:G472.3/70
 
预约/预借
| 序号 | 登录号 | 条形码 | 馆藏地/架位号 | 状态 | 备注 |
| 1 | 0821589 | 208215894 | 第一样本阅览室/ [索取号:G472.3/70] | 在馆 | |
| 2 | 0821590 | 208215901 | 第四借阅区/ [索取号:G472.3/70] | 在馆 | |
| 3 | 0821591 | 208215910 | 第四借阅区/ [索取号:G472.3/70] | 在馆 | |
| 4 | 0821592 | 208215929 | 第四借阅区/ [索取号:G472.3/70] | 在馆 | |
| 5 | 0821593 | 208215938 | 第四借阅区/ [索取号:G472.3/70] | 在馆 |